000 02943mam a22003974a 4500
001 3337523
003 OSt
005 20180117090006.0
008 020201s2002 dcua b 000 0 eng
010 _a 2002018416
020 _a1574884948 (cloth : alk. paper)
020 _a1574884956 (pbk. : alk. paper)
035 _a(OCoLC)ocm48964875
035 _a(NNC)3337523
040 _aDLC
_cDLC
_dC#P
_dOrLoB-B
042 _apcc
050 0 0 _aTK9145
_b.N8297 2002
082 0 0 _a327.1/747
_221
245 0 0 _aNuclear power and the spread of nuclear weapons :
_bcan we have one without the other? /
_cedited by Paul L. Leventhal, Sharon Tanzer, and Steven Dolley ; foreword by Edward J. Markey.
250 _a1st ed.
260 _aWashington, D.C. :
_bBrassey's,
_cc2002.
300 _axxv, 340 p. :
_bill. ;
_c24 cm.
504 _aIncludes bibliographical references (p. [313]-332).
505 0 0 _tForeword /
_rEdward J. Markey --
_tPreface /
_rPaul L. Leventhal --
_g1.
_tIntroduction: Nuclear Power without Proliferation? /
_rPaul L. Leventhal --
_g2.
_tRapporteur's Summary of the Nuclear Control Institute Twentieth Anniversary Conference /
_rSteven Dolley --
_g3.
_tNuclear Power and Nuclear Weapons Proliferation /
_rRobert L. Gallucci --
_g4.
_tNuclear Power and Proliferation /
_rRichard Rhodes --
_g5.
_tWhy Nuclear Power's Failure in the Marketplace Is Irreversible (Fortunately for Nonproliferation and Climate Protection) /
_rAmory B. Lovins --
_g6.
_tNuclear and Alternative Energy Supply Options for an Environmentally Constrained World: A Long-term Perspective /
_rRobert H. Williams --
_g7.
_tA World with, or without, Nuclear Power? /
_rRichard L. Garwin --
_g8.
_tAttempts to Reduce the Proliferation Risks of Nuclear Power: Past and Current Initiatives /
_rMarvin Miller --
_g9.
_tTechnical Opportunities for Increasing Proliferation Resistance of Nuclear Power Systems (TOPS) Task Force /
_rJames A. Hassberger --
505 8 0 _g10.
_tThe Limits of Technical Fixes /
_rEdwin S. Lyman --
_g11.
_tOverview of Nuclear Power and Nuclear Weapons /
_rZachary S. Davis --
_g12.
_tNuclear Power and Nuclear Weapons in India, Pakistan, and Iran /
_rGeorge Perkovich --
_g13.
_tThe Nonproliferation Regime and Fissile Materials /
_rLawrence Scheinman --
_g14.
_tClosing Thoughts on Nonproliferation: The Need for Rigor /
_rPaul L. Leventhal --
_g15.
_tAn Industrialist's View /
_rBertram Wolfe --
_g16.
_tAn Arms Controller's View /
_rHarold A. Feiveson --
_g17.
_tA Historian's View /
_rWilliam Lanouette.
650 0 _aNuclear engineering
_xInternational cooperation.
650 0 _aTechnology transfer.
650 0 _aNuclear weapons.
650 0 _aNuclear nonproliferation.
700 1 _aLeventhal, Paul.
700 1 _aTanzer, Sharon,
_d1941-
700 1 _aDolley, Steven.
900 _bTOC
942 _2ddc
_cBK
999 _c3446
_d3446